00894nam a2200229 a 450000100100000000500170001000800410002704000300006808200170009810000390011524500460015426000570020030000270025749000490028460000660033365000300039983000550042991000330048404900090051795201210052699900170064700001976520200929170130.0780912s1956 sp 000 0 spa d aDO-SdBNPbspacDLCdBNPHU a921.8bP718T1 aTovar, Antonio,d1911-1984.94222413aUn libro sobre Platón /cAntonio Tovar. aMadrid, (España) :bEditorial Espasa-Calpe,c1956. a162, [14] p. ;c18 cm.1 aAustral. Verde: ensayos y filosofía,v127214aPLATÓNd428?-347 a. C.xCRÍTICA E INTERPRETACIÓN932224 4aEnsayos españoles93095 0aAustral. Verde: ensayos y filosofía;v127298733 aCatalogación derivada / LC aBNGR 001054708MOaGRbGRcCTd2010-07-05iLF1l0o921.8 P718Tp19765-10r2020-06-25w2020-06-25y4ZPréstamo en sala c19279d19279